000 00283nam a22001097a 4500
008 170110b xxu||||| |||| 00| 0 eng d
020 _a9781582555324
041 _aeng
080 _22ND
_a618.2
245 _aBEST PRACTICES EVIDENCE-BASED NURSING PROCEDURES
_cKLUWER, W
942 _2udc
_cBK
999 _c2648
_d2648